[Event "CHN-ch U20"]
[Site "Shenzhen"]
[Date "2023.07.31"]
[Round "7"]
[White "Huang, Bangbo"]
[Black "Wang, Hanlin"]
[Result "1-0"]
[WhiteElo "1833"]
[BlackElo "1351"]
[PlyCount "40"]
[EventDate "2023.07.28"]
[EventType "swiss"]
[EventRounds "11"]
[EventCountry "CHN"]
[SourceTitle "CBM 215 Extra"]
[Source "ChessBase"]
[SourceDate "2023.09.30"]
[SourceVersion "1"]
[SourceVersionDate "2023.09.30"]
[SourceQuality "1"]

1. e4 c5 2. Nf3 d6 3. Bb5+ Nd7 4. d4 cxd4 5. Qxd4 a6 6. Bxd7+ Bxd7 7. 0-0 Nf6 8. Bg5 Bc6 9. Nc3 h6 10. Bxf6 gxf6 11. Nd5 Bxd5 12. exd5 Qd7 13. Rfe1 Rg8 14. Re4 f5 15. Re3 Bg7 16. Qb6 Bf6 17. Rae1 Kf8 18. g3 f4 19. Re4 fxg3 20. fxg3 Kg7 1-0

[Event "CHN-ch U20"]
[Site "Shenzhen"]
[Date "2023.07.28"]
[Round "1"]
[White "Wang, Hanlin"]
[Black "Yang, Bokai"]
[Result "0-1"]
[WhiteElo "1351"]
[BlackElo "1827"]
[PlyCount "70"]
[EventDate "2023.07.28"]
[EventType "swiss"]
[EventRounds "11"]
[EventCountry "CHN"]
[SourceTitle "CBM 215 Extra"]
[Source "ChessBase"]
[SourceDate "2023.09.30"]
[SourceVersion "1"]
[SourceVersionDate "2023.09.30"]
[SourceQuality "1"]

1. e4 e5 2. Nf3 Nc6 3. Bc4 Bc5 4. c3 Nf6 5. d3 d6 6. 0-0 0-0 7. Bb3 Bb6 8. Nbd2 Be6 9. Bc2 h6 10. h3 Nd7 11. Nb3 f5 12. exf5 Bxf5 13. Be3 Qf6 14. Kh2 d5 15. d4 Bxc2 16. Qxc2 e4 17. Ng1 Ne7 18. c4 c6 19. cxd5 cxd5 20. Rac1 Nf5 21. Qd2 Nd6 22. Nc5 Rad8 23. b3 Rf7 24. Na4 Nf5 25. Nxb6 Qxb6 26. Ne2 Rdf8 27. Bf4 g5 28. Bc7 Qe6 29. Ng3 Nh4 30. Rce1 g4 31. f4 gxf3 32. gxf3 Nxf3+ 33. Rxf3 Rxf3 34. Nxe4 Qxh3+ 35. Kg1 Rf1+ 0-1